000 00563nam a22001817a 4500
005 20240418154522.0
010 _aENG-140202
020 _c810.00
_a9789388604369
035 _aEN-123734
037 _bDBAD
082 _a954.082
100 _aJha, Surendra
_964878
245 _aInterpreting 18th Century/
_cSurendra Jha
260 _aNew Delhi
_bAyushman Publication House
_c2019
270 _a352/D-2 Ajeet Bhawan Munirka Near : JNU Main Gait New Delhi
_bDelhi
_e110067
300 _a269p.
_c23cm(hb)
942 _2ddc
_cEN
_mJHA
_h954.082
999 _c202268
_d202268